[Event "Charlotte Thanksgiving GM 2020"]
[Site "Charlotte"]
[Date "2020.11.27"]
[Round "4.5"]
[White "Sheng, Joshua"]
[Black "Hong, Andrew"]
[Result "1/2-1/2"]
[WhiteElo "2474"]
[BlackElo "2449"]
[Annotator "TA"]
[PlyCount "53"]
[EventDate "2020.11.26"]
[EventType "tourn"]
[EventCountry "USA"]
[SourceTitle "playchess.com"]
[Source "ChessBase"]
[SourceQuality "1"]

{[%evp 11,53,22,19,9,25,24,64,42,104,61,118,109,114,122,111,103,122,121,123,112,115,126,127,131,129,108,89,79,78,74,88,31,37,6,6,12,8,0,4,5,8,14,0,13]} 1. c4 c5 2. Nf3 Nf6 3. Nc3 Nc6 4. d4 cxd4 5. Nxd4 e6 6. g3 Qb6 7. e3 {A33: Symmetrical English: 2 Nf3 Nf6 3 d4 cxd4 4 Nxd4 e6 5 Nc3 Nc6.} a6 8. Bg2 {[#]} Qc7 $146 ({Predecessor:} 8... Ne5 9. b3 Bb4 10. Bb2 O-O 11. O-O Rd8 12. Na4 Qc7 13. Nc2 Be7 14. Bd4 Re8 {1-0 (48) Suarez Garcia,C (2400)-Silva Rodriguez,J (2210) Linares 2014}) 9. b3 {White is slightly better.} d5 ({Black should try} 9... b6 $14) 10. O-O {[%cal Rc4d5]} Bb4 (10... dxc4 $14 11. Nxc6 (11. bxc4 Na5 $11) 11... bxc6) 11. Bb2 $16 dxc4 12. Nxc6 bxc6 13. Qd4 Bb7 14. Qxc4 Be7 15. Rac1 c5 16. Bxb7 Qxb7 17. Na4 Ne4 18. Qe2 O-O 19. f3 Qb5 20. Rfe1 Nf6 21. Rc4 ({White should play} 21. Bxf6 $16 gxf6 22. Rc4) 21... Nd5 $14 22. Qc2 {[%cal Ra4c5]} Nb4 {The position is equal.} 23. Qc3 {[%csl Gb2][%cal Rc3g7] [#]} f6 $1 24. a3 Nd5 25. Qc2 {[%cal Ra4c5]} Rab8 26. e4 Nb6 27. Nxb6 $1 {Weighted Error Value: White=0.10/Black=0.10} 1/2-1/2

[Event "Charlotte Thanksgiving GM 2020"]
[Site "Charlotte"]
[Date "2020.11.28"]
[Round "5.1"]
[White "Ringoir, Tanguy"]
[Black "Tokhirjonova, Gulrukhbegim"]
[Result "1/2-1/2"]
[WhiteElo "2484"]
[BlackElo "2378"]
[Annotator "TA"]
[PlyCount "23"]
[EventDate "2020.11.26"]
[EventType "tourn"]
[EventCountry "USA"]
[SourceTitle "playchess.com"]
[Source "ChessBase"]
[SourceQuality "1"]

{[%evp 13,23,-6,-8,-4,0,0,0,0,0,0,0,-23]} 1. d4 Nf6 2. c4 e6 3. Nc3 Bb4 4. e3 O-O 5. Bd2 d5 6. Nf3 b6 7. cxd5 exd5 {The position is equal.} 8. Rc1 {E51: Nimzo-Indian: Rubinstein: 4...0-0 5 Nf3 d5.} a6 9. Be2 Bd6 10. Ne5 c5 11. O-O Bb7 {[#]} 12. b3 $146 {Not much happened in this game.  Weighted Error Value: White=0.00/Black=0.01} ({Predecessor:} 12. f4 Nc6 13. Be1 cxd4 14. Nxc6 Bxc6 15. exd4 b5 16. a3 Qb6 17. Kh1 Rfe8 18. Bh4 {0-1 (31) Suvorov,A (2353)-Navara,D (2697) Chess.com INT 2020}) 1/2-1/2

[Event "Charlotte Thanksgiving GM 2020"]
[Site "Charlotte"]
[Date "2020.11.28"]
[Round "5.2"]
[White "Dragun, Kamil"]
[Black "Sheng, Joshua"]
[Result "1/2-1/2"]
[WhiteElo "2565"]
[BlackElo "2474"]
[Annotator "TA"]
[PlyCount "79"]
[EventDate "2020.11.26"]
[EventType "tourn"]
[EventCountry "USA"]
[SourceTitle "playchess.com"]
[Source "ChessBase"]
[SourceQuality "1"]

{[%evp 22,79,7,14,35,14,48,33,34,17,20,14,19,23,27,19,18,21,20,14,27,25,29,14,21,8,15,0,0,14,13,0,0,0,0,0,0,0,0,0,0,0,0,0,0,0,0,0,54,41,50,37,50,20,16,17,10,0,0,0]} 1. d4 Nf6 2. c4 g6 3. Nf3 Bg7 4. g3 c6 5. Bg2 d5 6. Ne5 O-O 7. O-O Ng4 8. cxd5 cxd5 9. Bf4 Nc6 10. Nxc6 bxc6 11. h3 Nf6 12. Nc3 {[#]} Nd7 $146 {D79: Fianchetto Grünfeld: Symmetrical Variation (6 0-0 c6 7 cxd5 cxd5).} ({Predecessor:} 12... Ba6 13. Be5 Nd7 14. Bxg7 Kxg7 15. Re1 f5 16. f4 e6 17. Rc1 Rb8 18. Na4 Bb5 19. Nc5 Nxc5 20. Rxc5 {½-½ (60) Nemeth,Z (2379)-Yu,M (2419) Budapest 2000}) 13. Na4 Ba6 14. Rc1 Qa5 {White is slightly better.} 15. b3 ({Don't blunder} 15. Rxc6 $2 Bb5 $17) 15... Rfc8 16. Re1 Qb4 17. e3 Bb5 18. Nc3 e6 19. Nxb5 Qxb5 20. Bf1 Qb6 21. Re2 Bf8 22. Rec2 a5 23. h4 Ba3 24. Rb1 c5 25. dxc5 Rxc5 26. Rxc5 Qxc5 27. Qd3 Rc8 28. Rd1 {[%cal Bb1d1,Bd1d2,Bd2e2][%mdl 32]} Nf6 29. Be5 Ne4 30. Bd4 Qc6 31. Bg2 Nc3 32. Rd2 {[#] Threatens to win with Rc2.} Nb5 33. Bf6 Bb4 34. Re2 Bf8 (34... Qd7 $11) 35. e4 $14 dxe4 36. Bxe4 Qc5 37. Qd7 {[#] Strongly threatening Rc2.} (37. Bb7 $5 {[%cal Rb7c8]} Rb8 38. Bg2 $14) 37... Rc7 {The position is equal.} 38. Qd8 Rc8 39. Qd7 {Hoping for Rc2.} ({Of course not} 39. Qxa5 Nd4 $17) 39... Rc7 $1 {[%cal Rc7d7]} 40. Qd8 {Weighted Error Value: White=0.04/Black=0.06} 1/2-1/2

[Event "Charlotte Thanksgiving GM 2020"]
[Site "Charlotte"]
[Date "2020.11.28"]
[Round "5.3"]
[White "Hong, Andrew"]
[Black "Jacobson, Brandon"]
[Result "1-0"]
[WhiteElo "2449"]
[BlackElo "2487"]
[Annotator "TA"]
[PlyCount "75"]
[EventDate "2020.11.26"]
[EventType "tourn"]
[EventCountry "USA"]
[SourceTitle "playchess.com"]
[Source "ChessBase"]
[SourceQuality "1"]

{[%evp 9,74,31,43,22,30,24,34,39,57,47,43,31,42,63,66,66,63,21,23,0,34,9,41,0,0,2,17,16,16,18,12,6,50,45,93,112,104,95,91,46,100,86,95,93,101,89,101,44,868,425,1052,1042,29985,29986,29989,29972,29966,29967,29985,29986,29986,29987,29997,29998,29998,29999,29999]} 1. e4 g6 2. d4 Bg7 3. Nc3 d6 4. Be3 a6 5. h4 h5 6. Qd2 {B06: Modern Defence.} Nf6 7. f3 b5 8. O-O-O {White is slightly better.} c6 9. Kb1 Qc7 10. e5 dxe5 11. dxe5 Nd5 $1 12. f4 {[#]} Be6 $146 ({Predecessor:} 12... O-O 13. Nxd5 cxd5 14. Qxd5 Nc6 15. Qc5 Be6 16. Nf3 Qa5 17. Qxc6 Qxa2+ 18. Kc1 Rfc8 {0-1 (58) Tukhaev,A (2558)-Mchedlishvili,M (2602) Kocaeli 2017}) 13. Ne4 Nd7 14. Nf3 O-O-O {[%cal Rd7e5]} 15. Bd3 {Black must now prevent Neg5.} f6 16. Nc5 (16. c4 {looks sharper.} Nxe3 17. Qxe3 fxe5 18. Neg5 Bg4 19. cxb5 exf4 20. Qxe7 Ne5 21. Qxc7+ Kxc7 22. Nxe5 Bxe5 23. Nf7) 16... Nxc5 17. Bxc5 fxe5 18. Nxe5 Nxf4 19. Qxf4 Bxe5 20. Qe3 {Threatens to win with Bb6.} Rd5 21. Bxg6 Bg4 22. Rxd5 cxd5 23. Rf1 Bf6 24. Bf5+ Bxf5 (24... Kb7 $14) 25. Rxf5 $16 Qd7 26. Qf3 {[%mdl 64] [#] Double Attack} Qe6 {( -> ...Qe1+)} 27. Rxd5 {And now Be3 would win.} Qg4 28. Qd3 ({White should play} 28. Qxg4+ $16 hxg4 29. g3) 28... Qe6 $2 {[%mdl 8192] This move loses the game for Black.} (28... e6 $14 29. Rd6 Qxg2) 29. Be3 (29. Bf2 $142) 29... Rg8 (29... Rf8 $142 30. a4 Be5 31. axb5 axb5 32. Rxb5 Rd8) 30. a4 $18 {[%cal Ba2a4,Ba4b5,Bb5a6][%mdl 32]} Rg3 31. axb5 {White mates.} Rxe3 32. Rc5+ Kb7 33. bxa6+ Ka7 34. Rc7+ Kb6 35. Rb7+ Kc5 36. b4+ Kc6 37. Qb5+ {[%mdl 64] [#] Double Attack} Kd6 38. Qc5# {Weighted Error Value: White=0.26/Black=0.36} 1-0

[Event "Charlotte Thanksgiving GM 2020"]
[Site "Charlotte"]
[Date "2020.11.28"]
[Round "5.4"]
[White "Ostrovskiy, Aleksandr"]
[Black "Gauri, Shankar"]
[Result "1/2-1/2"]
[WhiteElo "2434"]
[BlackElo "2356"]
[Annotator "TA"]
[PlyCount "52"]
[EventDate "2020.11.26"]
[EventType "tourn"]
[EventCountry "USA"]
[SourceTitle "playchess.com"]
[Source "ChessBase"]
[SourceQuality "1"]

{[%evp 11,52,12,25,20,25,18,22,6,24,25,31,10,12,0,14,0,10,-25,-19,-31,0,0,0,-5,0,0,0,0,0,-10,-8,-22,24,24,24,23,22,20,16,16,16,10,16]} 1. e4 e5 2. Nf3 Nc6 3. Bc4 Nf6 4. d3 Bc5 5. O-O d6 6. c3 a6 7. Nbd2 {C54: Giuoco Piano: 4 c3 Nf6, main lines with 5 d4 and 5 d3.} Ba7 8. a4 O-O 9. h3 Be6 {Recently 9...h6 got a lot of attention.} 10. Bxe6 fxe6 11. Re1 Nh5 12. Nf1 {[#]} Nf4 $146 ({Predecessor:} 12... a5 13. Be3 Nf4 14. Bxa7 Rxa7 15. h4 Qf6 16. N1h2 Qg6 17. g3 Raa8 18. Kh1 Nh5 {0-1 (78) Duda,J (2730)-Giri,A (2780) chess.com INT 2019}) 13. Be3 Qf6 14. Bxa7 Rxa7 15. Re3 a5 16. h4 {[#]} Qg6 $1 {[%csl Gf4][%cal Rg6g2][%mdl 512]} 17. g3 Nh3+ 18. Kg2 Nf4+ $1 ({Not} 18... Qg4 $2 19. N1h2 $18) 19. Kh1 Nh5 $1 20. Qd2 Nf6 21. N1h2 Ng4 22. Nxg4 Qxg4 23. Kg2 Raa8 24. Rh1 {[#] Hoping for h5.The position is equal.} Qh5 25. Ng5 Rf6 26. Qe2 Qxe2 {An uneventful encounter.  Weighted Error Value: White=0.06/Black=0.07} 1/2-1/2

[Event "Charlotte Thanksgiving GM 2020"]
[Site "Charlotte"]
[Date "2020.11.28"]
[Round "5.5"]
[White "Balakrishnan, Praveen"]
[Black "Mishra, Abhimanyu"]
[Result "1-0"]
[WhiteElo "2485"]
[BlackElo "2338"]
[Annotator "TA"]
[PlyCount "143"]
[EventDate "2020.11.26"]
[EventType "tourn"]
[EventCountry "USA"]
[SourceTitle "playchess.com"]
[Source "ChessBase"]
[SourceQuality "1"]

{[%evp 31,143,13,38,40,69,52,97,107,96,106,100,114,129,114,133,133,134,122,135,127,135,129,126,126,135,128,135,134,126,121,124,131,121,111,132,127,128,117,117,117,117,117,117,117,117,117,117,117,117,117,126,117,117,115,141,123,146,0,120,85,130,166,137,137,144,125,206,161,174,175,234,227,204,214,245,200,243,247,227,230,238,227,232,222,368,351,579,552,580,560,1407,951,1392,1413,1366,1272,1355,741,680,657,1468,1453,29981,29982,29982,29983,29983,29984,29984,0,29985,0,29986,29987]} 1. d4 {Ftacnik,L} Nf6 2. c4 g6 3. g3 Bg7 4. Bg2 d5 5. cxd5 Nxd5 6. Nf3 Nb6 7. Nc3 Nc6 8. e3 e5 9. d5 Ne7 10. e4 Bg4 11. h3 Bxf3 12. Qxf3 O-O 13. O-O c6 14. Rd1 cxd5 15. exd5 Nf5 16. d6 Rb8 17. Qd3 {D76: Fianchetto Grünfeld: Main Line with 7...Nb6.} Nd4 18. Nb5 {[%cal Rb5d4] [#]} Qd7 $146 ({Predecessor:} 18... Nd7 19. Nxd4 exd4 20. Bd2 Re8 21. Rac1 Qf6 22. Bb4 Ne5 23. Qxd4 Nf3+ 24. Bxf3 Qxd4 25. Rxd4 Bxd4 {1-0 (32) Van Wely,L (2700)-Leko,P (2745) Wijk aan Zee 2001 CBM 081 [Ftacnik,L]}) 19. Nxd4 {White is better.} exd4 20. Bf4 Nc8 21. Qa3 Rd8 {[%cal Rc8d6]} 22. Re1 $1 Bf8 {[%cal Rf8d6]} 23. Rad1 $1 Bxd6 24. Rxd4 Bxa3 25. Rxd7 Rxd7 26. Bxb8 Bf8 27. Rc1 Rd8 28. Bc7 Rd7 29. Bxb7 Nb6 30. Rc2 Nd5 31. Bxd5 Rxd5 $16 {[%mdl 4096] Endgame KRB-KRB} 32. Bf4 Kg7 33. Be3 a5 34. b3 Bb4 35. Kg2 Kf6 36. Kf3 Ke6 37. Rc6+ Kd7 38. Rc4 Ke6 39. Re4+ Kd6 40. Ke2 Bc5 41. Bf4+ Kc6 42. Re8 Rd7 43. Rc8+ Kb6 44. Re8 ({White should play} 44. g4 $16) 44... h5 (44... Kc6 $1 $11 {remains equal.}) 45. Bd2 {White now steadily converts the win.} Bxf2 46. Bxa5+ $1 Kxa5 47. Kxf2 {KR-KR} Kb4 48. Re4+ Ka5 (48... Kc3 $16 49. Re2 Rd6) 49. a4 Rd3 50. Re5+ Ka6 (50... Kb6 {was necessary.}) 51. Re3 $1 $18 {[%cal Re3d3]} Rd2+ 52. Kf3 Rd4 53. Rc3 Kb6 54. Ke3 Rb4 55. Kd2 h4 56. g4 Rf4 57. Re3 g5 (57... Ka5 $142 58. Kc3 Rf1 59. Re5+ Kb6) 58. Kc3 f5 $2 (58... Rf1 {was called for.} 59. b4 f5 60. gxf5 Rxf5) 59. gxf5 $1 Rxf5 60. b4 Rf4 61. Re6+ {Cut Off at move 61} Ka7 62. Rg6 Rf3+ 63. Kc4 Rf4+ 64. Kc5 Rf5+ 65. Kc6 Rf4 66. Rxg5 Rxb4 67. Ra5+ Kb8 68. Rb5+ Rxb5 69. axb5 ({Inferior is} 69. Kxb5 Kb7 $11) 69... Ka7 70. Kc7 Ka8 {[#]} 71. Kb6 $1 Kb8 {[#]} 72. Ka6 $1 {Weighted Error Value: White=0.07/Black=0.27} 1-0

[Event "Charlotte Thanksgiving GM 2020"]
[Site "Charlotte"]
[Date "2020.11.28"]
[Round "6.1"]
[White "Tokhirjonova, Gulrukhbegim"]
[Black "Ostrovskiy, Aleksandr"]
[Result "0-1"]
[WhiteElo "2378"]
[BlackElo "2434"]
[Annotator "TA"]
[PlyCount "126"]
[EventDate "2020.11.26"]
[EventType "tourn"]
[EventCountry "USA"]
[SourceTitle "playchess.com"]
[Source "ChessBase"]
[SourceQuality "1"]

{[%evp 9,126,24,0,0,0,0,24,10,12,5,26,-11,14,-20,-33,-105,-55,-165,-103,-100,-60,-96,-77,-163,-168,-160,-163,-160,-164,-157,-155,-225,-233,-232,-211,-206,-210,-208,-208,-210,-156,-226,-206,-231,-216,-204,-203,-200,-148,-312,-164,-155,-150,-220,-216,-281,-281,-319,-310,-331,-304,-328,-309,-306,-299,-377,-277,-458,-425,-418,-418,-412,-406,-408,-395,-357,-328,-449,-449,-451,-425,-622,-403,-482,-482,-449,-441,-434,-434,-434,-424,-496,-435,-4980,-3974,-5157,-5127,-4902,-4839,-4839,-4800,-4378,-3956,-3333,-2429,-29974,-29975,-29974,-29973,-29965,-29974,-5073,-4630,-29976,-29977,-29977,-29977,-29982,-6079]} 1. e4 c6 2. d4 d5 3. e5 c5 4. dxc5 e6 5. a3 Bxc5 6. Qg4 {B12: Caro-Kann: Advance Variation.} Ne7 7. Nf3 O-O 8. Bd3 {White has an edge.} f5 9. exf6 Rxf6 {[#] Hoping for ...e5!} 10. b4 $146 (10. Qh5 $5 {[%cal Rh5h7]} g6 11. Qh4 $11) ({Predecessor:} 10. Qh4 h6 11. O-O Nbc6 12. c4 Qf8 13. Nc3 Ng6 14. Qh5 Nge5 15. Nxe5 Rxf2 16. Be3 Bxe3 17. Rxf2 Bxf2+ {1-0 (32) Karjakin,S (2754)-Wei,Y (2725) Jerusalem 2019}) 10... Bd6 (10... Bxf2+ $5 11. Kxf2 e5 $11) 11. Qh4 (11. Qh5 {with more complications.} h6 12. O-O Nd7 13. Bb2 e5 14. Nbd2) 11... h6 12. c4 (12. Bb2 $15 Rf4 13. Qh5 (13. Qg3 $2 Re4+ {[%mdl 64] Discovered Attack} 14. Bxe4 Bxg3 $19)) 12... Nbc6 13. Be3 (13. O-O $15) 13... Qf8 ({Black should try} 13... Qe8 $19 {aiming for ...Nf5.} 14. Nbd2 Nf5 15. Bxf5 Rxf5) 14. Nbd2 Ne5 15. Bc2 N5g6 16. Bxg6 (16. Qh5 $17) 16... Rxg6 $19 ({Resist} 16... Nxg6 17. Qd4 $15) 17. O-O e5 {And now ...Bg4 would win.} 18. cxd5 Rg4 19. Qh5 {h3 is the strong threat.} Nxd5 20. Bc5 ({But not} 20. Nxe5 $2 Nf6) (20. Rac1 $17 {keeps fighting.}) 20... Bxc5 21. Qxe5 Nf4 22. Qxc5 Rxg2+ 23. Kh1 Qxc5 24. bxc5 Be6 25. Ne1 (25. Rab1 $17 {was called for.}) 25... Rg5 26. Ne4 Bd5 27. f3 Re5 28. Ng2 Rf8 29. Rad1 $2 {White does not recover from this.} (29. Nxf4 $17 Rxf4 30. Rae1) 29... Bc6 (29... Nh3 $142 30. Rde1 Bxe4 31. fxe4 Rxf1+ 32. Rxf1 Rxc5) 30. Nxf4 Rxf4 31. Kg1 (31. Kg2 $17) 31... Ref5 ({Don't take} 31... Bxe4 32. fxe4 Rfxe4 33. Rd7) 32. Ng3 Rxc5 33. Rd3 Bb5 34. Rd8+ Kh7 35. Rf2 Rc3 36. Rd5 Bc6 37. Ra5 {intending Ne2.} Rc1+ 38. Nf1 $2 (38. Rf1 {was worth a try.} Rc2 39. Rxa7) 38... a6 39. Kg2 {[#]} Rxf3 $1 {[%mdl 512]} 40. Rxf3 Bxf3+ 41. Kxf3 Rxf1+ {[%mdl 4096] Endgame KR-KR} 42. Kg3 Rb1 43. h4 Rb5 44. Ra4 h5 45. Kf4 (45. Kg2 $142) 45... Kg6 46. Rd4 Rb3 47. a4 a5 48. Rd6+ Kh7 49. Rd5 Rb4+ 50. Kg5 Rxa4 51. Rb5 (51. Kxh5 $142 b6 52. Rd6) 51... Rb4 52. Rxa5 g6 53. Rd5 Rg4+ 54. Kf6 Rxh4 55. Rd7+ Kh6 56. Kf7 Rf4+ 57. Kg8 b5 58. Rh7+ Kg5 59. Rb7 Rf5 60. Kg7 Rc5 61. Kh7 h4 {Black mates.} 62. Rg7 Kh5 63. Kh8 g5 {Weighted Error Value: White=0.59/Black=0.19} (63... h3 $142 64. Rd7 h2 65. Rd1 g5 66. Kg7 g4 67. Rf1 g3 68. Rh1 Kg4 69. Kf6 g2 70. Rxh2 g1=Q 71. Re2 Qf1+ 72. Rf2 Qxf2+ 73. Ke6 Qf5+ 74. Kd6 Qe5+ 75. Kd7 Rc7+ 76. Kd8 Qe7#) 0-1

[Event "Charlotte Thanksgiving GM 2020"]
[Site "Charlotte"]
[Date "2020.11.28"]
[Round "6.2"]
[White "Gauri, Shankar"]
[Black "Balakrishnan, Praveen"]
[Result "0-1"]
[WhiteElo "2356"]
[BlackElo "2485"]
[Annotator "TA"]
[PlyCount "74"]
[EventDate "2020.11.26"]
[EventType "tourn"]
[EventCountry "USA"]
[SourceTitle "playchess.com"]
[Source "ChessBase"]
[SourceQuality "1"]

{[%evp 17,74,26,35,0,0,0,0,0,0,-21,0,-37,-29,-15,-21,-103,-102,-96,-96,-99,-98,-112,-110,-118,-108,-239,-262,-419,-420,-556,-318,-450,-449,-440,-420,-475,-455,-728,-707,-736,-785,-771,-725,-694,-661,-742,-737,-691,-616,-619,-591,-806,-803,-806,-795,-771,-769,-731,-682]} 1. e4 e6 2. d4 d5 3. Nc3 Bb4 4. e5 Ne7 5. a3 Bxc3+ 6. bxc3 b6 7. Qg4 Ng6 8. h4 h5 9. Qg3 Ba6 10. Bd3 {C16: French: 3 Nc3 Bb4 4 e5: Lines without ...c5.} Bxd3 11. cxd3 c5 12. Ne2 {The position is equal.} Nc6 {[%cal Bb8c6,Bc6e7,Be7f5][%mdl 32]} 13. Bg5 Qd7 14. O-O cxd4 15. cxd4 Nce7 {[#]} 16. Qf3 $146 (16. f3 $11 {keeps the balance.}) ({Predecessor:} 16. f3 Rc8 17. a4 O-O 18. Qf2 f6 19. exf6 gxf6 20. Bh6 Rf7 21. Nf4 Nxf4 22. Bxf4 {0-1 (60) Potapov,P (2482)-Voit,D (2336) Khanty-Mansiysk 2019}) 16... Nf5 $17 17. g3 Qa4 18. Be3 Rc8 19. Rfc1 Rxc1+ 20. Rxc1 Kd7 ({Of course not} 20... Qxa3 $6 21. Rc8+ Kd7 22. Rxh8 $15) 21. Kh2 (21. Nc3 $17 {was called for.} Qb3 22. Qd1 Qxd1+ 23. Rxd1) 21... Qxa3 $19 22. Qh1 (22. Bd2 $142) 22... Qxd3 23. Rc3 Qa6 24. Qc1 (24. Rc2 $142) 24... Rc8 ({Inferior is} 24... Qxe2 25. Rc7+ Ke8 26. Qc6+ Kf8 27. Qa8#) 25. Rxc8 Qxc8 26. Qa3 a5 {[%cal Ba7a5,Ba5a4][%mdl 32] Black is clearly winning.} 27. Bg5 (27. Qb2 $142 Nxe3 28. fxe3) 27... Qc2 28. Qf3 Qd1 29. Kg2 a4 30. Qa3 Qb3 ({Weaker is} 30... Qxe2 31. Qxa4+ b5 32. Qa7+ Kc8 33. Qa8+ Kc7 34. Qa7+ Kc8 35. Qa8+ Kc7 36. Qa7+ Kc8 $11) 31. Qxb3 axb3 {[%mdl 4096] Endgame KBN-KNN} 32. Bc1 Nge7 33. Bb2 Nc6 34. Nc1 Ncxd4 35. f3 Ne3+ 36. Kh3 Nxf3 37. Nxb3 Nc4 {Black took control after the opening.  Weighted Error Value: White=0.62/Black=0.16} 0-1

[Event "Charlotte Thanksgiving GM 2020"]
[Site "Charlotte"]
[Date "2020.11.28"]
[Round "6.3"]
[White "Jacobson, Brandon"]
[Black "Mishra, Abhimanyu"]
[Result "1/2-1/2"]
[WhiteElo "2487"]
[BlackElo "2338"]
[Annotator "TA"]
[PlyCount "150"]
[EventDate "2020.11.26"]
[EventType "tourn"]
[EventCountry "USA"]
[SourceTitle "playchess.com"]
[Source "ChessBase"]
[SourceQuality "1"]

{[%evp 30,150,12,0,0,0,0,0,0,0,0,0,15,17,131,145,124,135,147,135,144,141,126,138,165,162,155,158,179,195,210,205,236,220,220,216,247,241,300,278,281,297,351,362,349,281,483,487,439,170,166,5,0,2,11,0,0,0,0,0,0,0,0,0,0,0,0,0,6,0,6,0,0,0,0,0,0,0,0,0,0,0,0,0,0,0,0,0,0,0,0,0,0,0,6,6,6,6,6,6,6,6,6,6,6,6,6,6,6,6,6,6,6,6,6,6,6,6,6,6,6,6,6]} 1. d4 Nf6 2. c4 g6 3. Nc3 d5 4. cxd5 Nxd5 5. e4 Nxc3 6. bxc3 Bg7 7. Nf3 c5 8. Rb1 O-O 9. Be2 Nc6 10. d5 Ne5 11. Nxe5 Bxe5 12. Qd2 e6 13. f4 Bc7 14. O-O exd5 15. exd5 Ba5 16. Ba3 b6 {D85: Exchange Grünfeld: Unusual White 7th moves and lines with 7 Nf3.} 17. d6 Bf5 18. Rbd1 Qf6 19. Bb2 Rad8 20. g4 Be4 {[#]} 21. f5 $146 ({Predecessor:} 21. Bb5 Bb7 22. Qd3 c4 23. Bxc4 b5 24. Bd5 Bb6+ 25. Kg2 Qxd6 26. Rh1 {0-1 (26) Smirnov,A (2405)-Shinkevich,V (2477) Izhevsk 2013}) 21... b5 {[#]} (21... gxf5 $11 22. d7 Qg7) 22. Qf4 $1 $16 {[%cal Rf4e4]} (22. Bxb5 c4 $17) 22... Bc6 23. fxg6 Qxf4 24. gxh7+ ({Much worse is} 24. Rxf4 $6 fxg6 25. Rxf8+ Kxf8 $11) 24... Kxh7 25. Rxf4 c4 26. Bf3 $36 {[%mdl 2048] White is in control.} Bxf3 27. Rxf3 Rd7 28. Rd5 Bb6+ 29. Kf1 {Threatens to win with Rg5.} f6 30. Bc1 Kg6 31. Bf4 ({Worse is} 31. Rxb5 Rxd6 32. Be3 Rd3 $11) 31... a6 32. Rf5 Rh7 {[#]} 33. Be5 $1 {[%mdl 512]} Rhf7 (33... fxe5 34. Rxf8) 34. Bg3 Bd8 35. h4 Kg7 36. h5 Rh8 37. Be5 Rh6 $2 (37... Re8 {is a better defense.}) 38. Bd4 $18 Kf8 39. g5 $2 (39. Kf2) 39... Rxh5 40. g6 $2 ({Don't take} 40. Bxf6 Bxf6 41. Rxf6 Rxf6 $16) (40. gxf6 $18 Rxf5 41. Rxf5) 40... Rxf5 $11 {The position is equal.} 41. Rxf5 Rd7 42. Bxf6 Bxf6 43. Rxf6+ {[%mdl 4096] Endgame KR-KR} Kg7 44. Re6 {Re7+ would kill now.} Kh6 $1 45. Ke2 {aiming for Ke3.} Kg5 $1 46. Re7 Rxd6 47. g7 Rg6 48. Ra7 Kf5 49. Ke3 Ke5 50. a3 Rg3+ 51. Kf2 Rg6 52. Kf3 Rg1 53. Kf2 Rg6 54. Kf3 Rg1 55. Ke3 Rg3+ 56. Ke2 Rg2+ 57. Kf1 Rg4 58. Kf2 Rg6 59. Kf3 (59. Rb7 {with more complications.} Rg5 60. Ra7 Rg6) 59... Rg1 60. Rxa6 {Hoping for Ra7.} Rxg7 61. Rb6 {Cut Off at move 61} Ra7 62. Rxb5+ Kd6 63. Rb4 Rxa3 64. Rxc4 Ra5 65. Rd4+ Kc6 66. Ke4 Rh5 67. Rd8 Rh4+ 68. Kd3 Rh3+ 69. Kc2 Rh4 70. Kb3 Kc7 71. Rd3 Kc6 72. Rg3 Rf4 73. Rg6+ Kc5 74. Rg5+ Kc6 75. c4 Rf1 {White really could win this.  Weighted Error Value: White=0.16/Black=0.15} 1/2-1/2

[Event "Charlotte Thanksgiving GM 2020"]
[Site "Charlotte"]
[Date "2020.11.28"]
[Round "6.4"]
[White "Sheng, Joshua"]
[Black "Ringoir, Tanguy"]
[Result "1/2-1/2"]
[WhiteElo "2474"]
[BlackElo "2484"]
[Annotator "TA"]
[PlyCount "58"]
[EventDate "2020.11.26"]
[EventType "tourn"]
[EventCountry "USA"]
[SourceTitle "playchess.com"]
[Source "ChessBase"]
[SourceQuality "1"]

{[%evp 30,58,23,30,13,0,0,0,0,0,0,0,0,-52,-43,-52,-52,-52,-52,-58,-32,-42,0,0,0,0,0,0,0,0,0]} 1. c4 g6 2. d4 Nf6 3. Nc3 d5 4. cxd5 Nxd5 5. e4 Nxc3 6. bxc3 Bg7 7. Nf3 c5 8. Rb1 O-O 9. Be2 Nc6 10. d5 Ne5 11. Nxe5 Bxe5 12. Qd2 e6 13. f4 Bc7 14. O-O exd5 15. exd5 Ba5 16. d6 Rb8 {D85: Exchange Grünfeld: Unusual White 7th moves and lines with 7 Nf3.} 17. Rb5 {[#] aiming for f5.} b6 18. Ba3 Bd7 19. Rxa5 bxa5 20. Bxc5 Re8 {[#]} 21. c4 $146 ({White should try} 21. Bxa7 $11 Rb7 22. Bd4) ({Predecessor:} 21. h3 Qf6 22. f5 Bxf5 23. d7 Red8 24. g4 Qe5 25. Bd6 Rb2 26. Qxb2 Qxd6 27. gxf5 Qg3+ 28. Kh1 Qxh3+ 29. Kg1 Qg3+ 30. Kh1 Qh3+ {½-½ (30) Vocaturo,D (2622)-Aryan,C (2562) Caleta 2020}) 21... Qf6 $1 $15 {White must now prevent ...Rb2.} 22. Bf3 Rbc8 23. Qxa5 Qf5 24. Bd5 Bc6 25. Qxa7 ({Avoid the trap} 25. Bxa7 $2 Ra8 $19) 25... Bxd5 (25... Ra8 $5 26. Bxc6 Rxa7 27. Bxa7 Rd8 $15) 26. d7 $1 $36 {[%cal Rd7e8][%mdl 2048] White is more active.The position is equal.} ({Don't play} 26. cxd5 Red8 $17) 26... Bxc4 27. Rc1 {[#]} Bd5 $1 {[%mdl 512] ( -> ...Qe4!)} 28. dxc8=Q Qxc8 29. Ba3 Qa8 {Weighted Error Value: White=0.07/Black=0.04} (29... Qg4 $5 30. Qf2 $8 Re2 31. Rc8+ Qxc8 32. Qxe2 Qe6 33. Qxe6 Bxe6 $11) 1/2-1/2